| 000 | 00384nam a2200169Ia 4500 | ||
|---|---|---|---|
| 008 | 230711s9999||||xx |||||||||||||| ||und|| | ||
| 041 | _aENG | ||
| 082 |
_a720 _bNA-O |
||
| 100 | _aMarmot, Alexi | ||
| 245 | 0 | _aOffice space planning | |
| 250 | _a1st Ed. | ||
| 260 |
_c2000 _aNew York _bMcGraw Hill |
||
| 300 | _a478 | ||
| 650 | _aArchitecture | ||
| 700 | _aEley,Joanna | ||
| 942 | _cBK | ||
| 999 |
_c4714 _d4714 |
||